Carta de serveis 2018 : Catàleg de serveis 2018 Catàleg de serveis 2018
Descripción Física:
1 quadríptic ; il. col. ; 21 x 15 cm.
Idioma:
Catalán
MARC
| LEADER | 00000nam a22000007a 4500 | ||
|---|---|---|---|
| 001 | 26979, 26980, 26981 | ||
| 003 | Arxiu | ||
| 005 | 20260324181144.0 | ||
| 008 | 221122b spa||||| |||| 00| 0 cat d | ||
| 017 | |a B 2848-2018 | ||
| 040 | |a agdb |b cat | ||
| 041 | |a cat | ||
| 245 | |a Carta de serveis 2018 : |b Catàleg de serveis 2018 | ||
| 260 | |a Barcelona : |b Diputació de Barcelona ; |c 2018 | ||
| 300 | |a 1 quadríptic ; |b il. col. ; |c 21 x 15 cm. | ||
| 500 | |a Una cara del quadríptic és un cartell. | ||
| 610 | 1 | 0 | |9 53681 |a Barcelona (Catalunya : Província). |b Diputació |v Catàlegs |
| 710 | |a Barcelona (Catalunya : Província). |b Àrea de Presidència |9 52558 | ||
| 942 | |2 udc |c ARXIU |n 1 | ||
| 952 | |0 0 |1 0 |2 udc |4 0 |6 FU7349 |7 1 |9 64294 |a Arxiu |b Arxiu |d 2022-11-22 |l 0 |o FU-73-49 |p 26979 |r 2022-11-22 00:00:00 |w 2022-11-22 |y ARXIU | ||
| 952 | |0 0 |1 0 |2 udc |4 0 |6 FU7350 |7 1 |9 64295 |a Arxiu |b Arxiu |d 2022-11-22 |l 0 |o FU-73-50 |p 26980 |r 2022-11-22 00:00:00 |w 2022-11-22 |y ARXIU | ||
| 952 | |0 0 |1 0 |2 udc |4 0 |6 PDL |7 1 |9 64296 |a Arxiu |b Arxiu |d 2022-11-22 |l 0 |o PDL |p 26981 |r 2022-11-22 00:00:00 |w 2022-11-22 |y ARXIU | ||
| 999 | |c 82768 |d 82768 | ||